[Event "GER-chT U16"]
[Site "Magdeburg"]
[Date "2019.12.27"]
[Round "1.4"]
[White "Janke, Julian"]
[Black "Seidel, Arne Christian"]
[Result "1/2-1/2"]
[WhiteElo "1659"]
[BlackElo "1636"]
[PlyCount "102"]
[EventDate "2019.12.27"]
[EventType "team-swiss"]
[EventRounds "7"]
[EventCountry "GER"]
[SourceTitle "CBM 194 Extra"]
[Source "ChessBase"]
[SourceDate "2020.03.31"]
[SourceVersion "1"]
[SourceVersionDate "2020.03.31"]
[SourceQuality "1"]
[WhiteTeam "Paderborn Blauer Springer"]
[BlackTeam "Halle Reideburger"]
[WhiteTeamCountry "GER"]
[BlackTeamCountry "GER"]

1. d4 Nf6 2. Bf4 e6 3. e3 c5 4. c3 Qb6 5. Qb3 cxd4 6. Qxb6 axb6 7. exd4 Nc6 8. Nf3 d5 9. Bc7 Nd7 10. Bb5 Be7 11. Nbd2 Bd8 12. Bxd8 Kxd8 13. 0-0 Na7 14. Bd3 h6 15. Ne5 Nxe5 16. dxe5 b5 17. f4 g6 18. a4 bxa4 19. Rxa4 Bd7 20. Rb4 Kc7 21. c4 Nc6 22. Rb3 Nd4 23. Rc3 Bc6 24. cxd5 exd5 25. Nb3 Nxb3 26. Rxb3 Ra4 27. f5 g5 28. Rc3 Rb4 29. b3 Re8 30. Re1 d4 31. Rc4 Rxb3 32. Rxd4 Rb2 33. Bf1 Rd8 34. Rxd8 Kxd8 35. e6 f6 36. g4 Ke7 37. Re3 Rb4 38. Be2 Re4 39. Rxe4 Bxe4 40. Kf2 Bc6 41. Bf3 Ba4 42. Bxb7 Bc2 43. Ke3 Bd1 44. Bf3 Ba4 45. Be2 Bc6 46. Bd3 Bg2 47. Kf2 Bc6 48. Kg3 Ba4 49. Be2 Bc2 50. h4 Be4 51. hxg5 hxg5 1/2-1/2

[Event "GER-chT U14"]
[Site "Verden an der Aller"]
[Date "2017.12.29"]
[Round "6.3"]
[White "Heckmann, Till"]
[Black "Janke, Julian"]
[Result "0-1"]
[WhiteElo "1621"]
[BlackElo "1587"]
[PlyCount "101"]
[EventDate "2017.12.26"]
[EventType "team-swiss"]
[EventRounds "7"]
[EventCountry "GER"]
[SourceTitle "CBM 182 Extra"]
[Source "ChessBase"]
[SourceDate "2018.02.23"]
[SourceVersion "1"]
[SourceVersionDate "2018.02.23"]
[SourceQuality "1"]
[WhiteTeam "Berlin Empor"]
[BlackTeam "Paderborn"]
[WhiteTeamCountry "GER"]
[BlackTeamCountry "GER"]

1. e4 d5 2. exd5 Qxd5 3. Nc3 Qd8 4. Bc4 Nf6 5. d3 e6 6. Nge2 Be7 7. Bf4 a6 8. 0-0 b5 9. Bb3 Bb7 10. Ng3 c5 11. a4 b4 12. Nb1 0-0 13. Be3 Nc6 14. Nd2 Nd4 15. Bc4 Nd5 16. Bxd4 cxd4 17. Qg4 Nb6 18. Bb3 a5 19. Nf3 Bd5 20. Bxd5 Qxd5 21. Qxd4 Qxd4 22. Nxd4 Bf6 23. Nge2 Rfd8 24. c3 bxc3 25. bxc3 e5 26. Nb5 Rxd3 27. Ng3 Rc8 28. Ne4 Rc4 29. Rfe1 Rxa4 30. Rab1 Be7 31. Nbd6 Bxd6 32. Nxd6 Rxd6 33. Rxe5 f6 34. Ree1 Rc4 35. Rb5 a4 36. Reb1 Rxc3 37. g3 Nc4 38. Rb8+ Kf7 39. Ra8 a3 40. Kg2 Nd2 41. Ra7+ Ke6 42. Re1+ Kd5 43. Rd1 Kc4 44. Rxg7 a2 45. Rxh7 Ra3 46. Rc7+ Kd3 47. Ra1 Rb6 48. Re7 Kc2 49. Rc7+ Kb2 50. Rcc1 Nb1 51. Rc3 0-1

[Event "GER-chT U14"]
[Site "Duesseldorf"]
[Date "2016.12.28"]
[Round "4.4"]
[White "Janke, Julian"]
[Black "Wong, Kar Yan"]
[Result "0-1"]
[WhiteElo "1343"]
[BlackElo "1779"]
[PlyCount "78"]
[EventDate "2016.12.27"]
[EventType "team-swiss"]
[EventRounds "7"]
[EventCountry "GER"]
[SourceTitle "EXT 2018"]
[Source "ChessBase"]
[SourceDate "2017.10.13"]
[SourceVersion "1"]
[SourceVersionDate "2017.10.13"]
[SourceQuality "1"]
[WhiteTeam "Paderborn Blauer Springer U14"]
[BlackTeam "Dresden Leuben U14"]
[WhiteTeamCountry "GER"]
[BlackTeamCountry "GER"]

1. d4 c5 2. d5 e6 3. c4 Nf6 4. Nc3 exd5 5. cxd5 d6 6. Bg5 g6 7. e4 Bg7 8. Bd3 0-0 9. Nge2 Re8 10. 0-0 a6 11. a4 Qc7 12. b3 Bd7 13. f3 a5 14. Nb5 Bxb5 15. Bxb5 Nbd7 16. Rc1 h6 17. Bh4 g5 18. Bg3 Nh5 19. Bf2 Re7 20. Nd4 f6 21. Nf5 Rf7 22. g3 Ne5 23. f4 Nxf4 24. gxf4 gxf4 25. Be1 f3 26. Bg3 Kh7 27. Bxe5 fxe5 28. Rxf3 Bf6 29. Rg3 Bg5 30. Rcc3 Bf4 31. Qh5 Rxf5 32. Qxf5+ Kh8 33. Qf6+ Kh7 34. Rg6 Bg5 35. Qxd6 Qf7 36. Re6 Rg8 37. Rg3 Be3+ 38. Kh1 Qf3+ 39. Rxf3 Rg1# 0-1

[Event "GER-chT U14"]
[Site "Duesseldorf"]
[Date "2016.12.27"]
[Round "2.4"]
[White "Janke, Julian"]
[Black "Juerging, Felix"]
[Result "1-0"]
[WhiteElo "1343"]
[BlackElo "1115"]
[PlyCount "87"]
[EventDate "2016.12.27"]
[EventType "team-swiss"]
[EventRounds "7"]
[EventCountry "GER"]
[SourceTitle "EXT 2018"]
[Source "ChessBase"]
[SourceDate "2017.10.13"]
[SourceVersion "1"]
[SourceVersionDate "2017.10.13"]
[SourceQuality "1"]
[WhiteTeam "Paderborn Blauer Springer U14"]
[BlackTeam "Guetersloh U14"]
[WhiteTeamCountry "GER"]
[BlackTeamCountry "GER"]

1. d4 c6 2. Bf4 d5 3. e3 Bf5 4. c4 dxc4 5. Bxc4 e6 6. Nd2 Nf6 7. Ngf3 Nbd7 8. 0-0 Be7 9. Qe2 0-0 10. Nb3 h6 11. Rfd1 Qb6 12. Rac1 Rfd8 13. h3 Rac8 14. Nh4 Bh7 15. Bh2 a6 16. f3 Qa7 17. g4 b5 18. Bd3 Bxd3 19. Qxd3 g5 20. Ng2 a5 21. f4 Nh7 22. Qd2 a4 23. Na1 Qb6 24. b4 axb3 25. Nxb3 Qa6 26. Ra1 c5 27. dxc5 Nxc5 28. Qe2 Ne4 29. Rxd8+ Rxd8 30. a4 Nc3 31. Qc2 Nxa4 32. fxg5 Nxg5 33. Nd4 Rc8 34. Qe2 Rb8 35. Bxb8 Nxh3+ 36. Kh2 Bf6 37. Kxh3 Qb7 38. Bf4 Nc3 39. Qc2 Nd5 40. Bxh6 Ne7 41. Rb1 Ng6 42. Rxb5 Qd7 43. g5 e5+ 44. Qf5 1-0

[Event "GER-chT U12"]
[Site "Magdeburg"]
[Date "2015.12.29"]
[Round "6.3"]
[White "Haufe, Laurin"]
[Black "Janke, Julian"]
[Result "1-0"]
[WhiteElo "1497"]
[BlackElo "1127"]
[PlyCount "55"]
[EventDate "2015.12.27"]
[EventType "team-swiss"]
[EventRounds "7"]
[EventCountry "GER"]
[SourceTitle "EXT 2017"]
[Source "ChessBase"]
[SourceDate "2016.10.25"]
[SourceVersion "1"]
[SourceVersionDate "2016.10.25"]
[SourceQuality "1"]
[WhiteTeam "Leipzig Gruen Weiss"]
[BlackTeam "Paderborn Blauer Springer"]
[WhiteTeamCountry "GER"]
[BlackTeamCountry "GER"]

1. e4 d5 2. exd5 Qxd5 3. Nc3 Qd8 4. d4 Nf6 5. Nf3 e6 6. Bc4 Be7 7. 0-0 a6 8. a4 b6 9. Qe2 0-0 10. Bg5 Bb7 11. Rfe1 Bxf3 12. Qxf3 Nbd7 13. Rad1 Qc8 14. Ne4 c6 15. Nxf6+ Nxf6 16. Qg3 Nh5 17. Qh4 Bxg5 18. Qxg5 Nf6 19. Re3 h6 20. Qh4 b5 21. axb5 cxb5 22. Bd3 Nd5 23. Rg3 Nf6 24. Qxf6 g5 25. Rxg5+ hxg5 26. Qxg5+ Kh8 27. Qh6+ Kg8 28. Qh7# 1-0

[Event "GER-chT U12"]
[Site "Magdeburg"]
[Date "2015.12.27"]
[Round "2.3"]
[White "Janke, Julian"]
[Black "Melzig, Antonio"]
[Result "1-0"]
[WhiteElo "1127"]
[BlackElo "1215"]
[PlyCount "123"]
[EventDate "2015.12.27"]
[EventType "team-swiss"]
[EventRounds "7"]
[EventCountry "GER"]
[SourceTitle "EXT 2017"]
[Source "ChessBase"]
[SourceDate "2016.10.25"]
[SourceVersion "1"]
[SourceVersionDate "2016.10.25"]
[SourceQuality "1"]
[WhiteTeam "Paderborn Blauer Springer"]
[BlackTeam "Biberach"]
[WhiteTeamCountry "GER"]
[BlackTeamCountry "GER"]

1. d4 d5 2. Bf4 Nf6 3. Nf3 Bf5 4. e3 e6 5. Bd3 Bxd3 6. Qxd3 Nbd7 7. Nbd2 Be7 8. 0-0 0-0 9. Ne5 Nxe5 10. Bxe5 Bd6 11. Nf3 Ne4 12. c4 Bxe5 13. Nxe5 Nf6 14. Rac1 c6 15. Qb3 Qc7 16. cxd5 exd5 17. Qd3 Rfe8 18. b4 a6 19. a4 Qd6 20. b5 axb5 21. axb5 Ra3 22. Qb1 Rc8 23. bxc6 bxc6 24. Qb7 Raa8 25. Rxc6 Qf8 26. Rfc1 Rxc6 27. Qxc6 h6 28. Nd7 Nxd7 29. Qxd7 Rd8 30. Qc7 Re8 31. h3 Qe7 32. Qxe7 Rxe7 33. Rc8+ Kh7 34. Rd8 Rc7 35. Rxd5 Rc1+ 36. Kh2 Rc2 37. f3 Rc6 38. Rc5 Rf6 39. e4 Kg8 40. Rc8+ Kh7 41. Re8 Kg6 42. d5 Rd6 43. Rc8 f5 44. Rc6 Rf6 45. exf5+ Kxf5 46. d6 Ke5 47. d7 Rxc6 48. d8Q Rd6 49. Qe7+ Re6 50. Qxg7+ Rf6 51. f4+ Kf5 52. g4+ Ke6 53. f5+ Ke5 54. Qe7+ Kd5 55. Qxf6 Kc5 56. Qd8 Kb5 57. Qc7 Ka4 58. f6 Kb5 59. f7 Ka6 60. f8R Kb5 61. Rb8+ Ka4 62. Qa7# 1-0

[Event "GER-chT U12"]
[Site "Verden"]
[Date "2014.12.29"]
[Round "5.4"]
[White "Fidlin, Maximilian"]
[Black "Janke, Julian"]
[Result "1/2-1/2"]
[WhiteElo "1051"]
[BlackElo "1192"]
[PlyCount "99"]
[EventDate "2014.12.27"]
[EventType "team-swiss"]
[EventRounds "7"]
[EventCountry "GER"]
[SourceTitle "EXT 2016"]
[Source "ChessBase"]
[SourceDate "2015.10.08"]
[SourceVersion "1"]
[SourceVersionDate "2015.10.08"]
[SourceQuality "1"]
[WhiteTeam "Karlsruhe"]
[BlackTeam "Paderborn"]
[WhiteTeamCountry "GER"]
[BlackTeamCountry "GER"]

1. e4 d5 2. exd5 Qxd5 3. Nc3 Qd8 4. d4 Nf6 5. Bc4 e6 6. Nf3 Bd6 7. Bg5 Be7 8. 0-0 a6 9. Re1 b5 10. Bd3 Bb7 11. h3 0-0 12. Qe2 h6 13. Bh4 Nbd7 14. Rad1 Qc8 15. Ne5 Re8 16. Qd2 Nxe5 17. dxe5 Nd5 18. Bxe7 Nxe7 19. Qe3 c5 20. Be4 Nf5 21. Bxf5 exf5 22. Nd5 Qe6 23. Nc7 Qc6 24. Nd5 f6 25. e6 Bc8 26. e7 Ra7 27. f3 Rd7 28. Nf4 Kf7 29. Rxd7 Bxd7 30. Kf2 Qd6 31. Nd3 c4 32. Qc5 Qxc5+ 33. Nxc5 Bc8 34. b3 Rxe7 35. Rxe7+ Kxe7 36. b4 Kd6 37. Ke3 a5 38. a3 g5 39. Kd4 axb4 40. axb4 h5 41. Ke3 Ke5 42. c3 g4 43. f4+ Kd5 44. hxg4 fxg4 45. g3 f5 46. Kf2 Kd6 47. Kg2 Ke7 48. Kf2 Kd6 49. Kg2 Ke7 50. Kf2 1/2-1/2

[Event "GER-chT U12"]
[Site "Verden"]
[Date "2014.12.28"]
[Round "4.4"]
[White "Janke, Julian"]
[Black "Garbuz, Nicole"]
[Result "0-1"]
[WhiteElo "1192"]
[BlackElo "1440"]
[PlyCount "120"]
[EventDate "2014.12.27"]
[EventType "team-swiss"]
[EventRounds "7"]
[EventCountry "GER"]
[SourceTitle "EXT 2016"]
[Source "ChessBase"]
[SourceDate "2015.10.08"]
[SourceVersion "1"]
[SourceVersionDate "2015.10.08"]
[SourceQuality "1"]
[WhiteTeam "Paderborn"]
[BlackTeam "Brackel"]
[WhiteTeamCountry "GER"]
[BlackTeamCountry "GER"]

1. d4 d5 2. Bf4 Nf6 3. Nf3 Bf5 4. e3 a6 5. Bd3 Bxd3 6. Qxd3 e6 7. Nbd2 Nbd7 8. c3 Nh5 9. Bg3 Nxg3 10. hxg3 c5 11. b3 g6 12. c4 Nb6 13. Qc3 Bg7 14. cxd5 cxd4 15. exd4 Nxd5 16. Qd3 Rc8 17. Nc4 b5 18. Nb2 Nb4 19. Qe4 Nc2+ 20. Ke2 Nxa1 21. Rxa1 Qd5 22. Qxd5 exd5 23. Kd2 0-0 24. Nd3 Rfd8 25. Re1 Bh6+ 26. Kd1 Rc3 27. Nde5 Rc1+ 28. Ke2 Rxe1+ 29. Kxe1 Rc8 30. g4 Rc1+ 31. Ke2 Rc2+ 32. Kd3 Rxa2 33. Kc3 Rxf2 34. Kb4 Bf8+ 35. Ka5 Rb2 36. Kxa6 Rxb3 37. Ng5 f6 38. Nd7 fxg5 39. Nxf8 Kxf8 40. Kb6 Ke7 41. Kc6 Ke6 42. Kc5 Rd3 43. Kxb5 Rxd4 44. Kc5 Rd1 45. Kb4 Ke5 46. Kc3 Ke4 47. Kc2 Rg1 48. Kd2 Kd4 49. Ke2 Rxg2+ 50. Kd1 Ke4 51. Ke1 Ke3 52. Kf1 Rh2 53. Kg1 d4 54. Kf1 d3 55. Ke1 d2+ 56. Kd1 Rh1+ 57. Kc2 d1Q+ 58. Kc3 Qa1+ 59. Kc4 Qd4+ 60. Kb3 Rb1+ 0-1

[Event "GER-chT U10"]
[Site "Magdeburg"]
[Date "2013.12.27"]
[Round "2.3"]
[White "Janke, Julian"]
[Black "Von Pokrzywnicki, Moritz"]
[Result "0-1"]
[WhiteElo "894"]
[BlackElo "1016"]
[PlyCount "44"]
[EventDate "2013.12.27"]
[EventType "team-swiss"]
[EventRounds "5"]
[EventCountry "GER"]
[SourceTitle "EXT 2015"]
[Source "ChessBase"]
[SourceDate "2014.11.20"]
[SourceVersion "1"]
[SourceVersionDate "2014.11.20"]
[SourceQuality "1"]
[WhiteTeam "Paderborn II"]
[BlackTeam "Magdeburg Schachzwerge"]
[WhiteTeamCountry "GER"]
[BlackTeamCountry "GER"]

1. e4 e5 2. d4 exd4 3. Qxd4 Nc6 4. Qd3 g6 5. Qf3 Nf6 6. Bc4 Bg7 7. Bg5 Ne5 8. Qc3 Nxc4 9. Qxc4 0-0 10. e5 Ne8 11. Bf4 d6 12. exd6 Nxd6 13. Bxd6 Qxd6 14. Qa4 Qc5 15. Nc3 Be6 16. Nf3 Bxc3+ 17. bxc3 Qxc3+ 18. Ke2 Bc4+ 19. Kd1 Qxa1+ 20. Kd2 Qxh1 21. Qxc4 Qxg2 22. Qe2 Rad8+ 0-1

[Event "GER-chT U10"]
[Site "Magdeburg"]
[Date "2013.12.27"]
[Round "1.3"]
[White "Roessl, Mira"]
[Black "Janke, Julian"]
[Result "0-1"]
[WhiteElo "672"]
[BlackElo "894"]
[PlyCount "34"]
[EventDate "2013.12.27"]
[EventType "team-swiss"]
[EventRounds "5"]
[EventCountry "GER"]
[SourceTitle "EXT 2015"]
[Source "ChessBase"]
[SourceDate "2014.11.20"]
[SourceVersion "1"]
[SourceVersionDate "2014.11.20"]
[SourceQuality "1"]
[WhiteTeam "Harksheide II"]
[BlackTeam "Paderborn II"]
[WhiteTeamCountry "GER"]
[BlackTeamCountry "GER"]

1. e4 e5 2. Nf3 Nc6 3. Bc4 Nf6 4. 0-0 Nxe4 5. d3 Nc5 6. Ng5 d5 7. d4 Nxd4 8. Bb5+ Nxb5 9. Qh5 g6 10. Qf3 Bf5 11. g4 e4 12. Qf4 Bd6 13. Qd2 Ne6 14. Nxe6 fxe6 15. Nc3 Nxc3 16. bxc3 Qh4 17. Qd4 Qxh2# 0-1